[Event "NDVM 2019 U14w"]
[Site "?"]
[Date "2019.09.14"]
[Round "5.9"]
[White "Heuberger, Sandra"]
[Black "Margaryan, Venera"]
[Result "1/2-1/2"]
[BlackElo "1293"]
[WhiteElo "1142"]
[LiveChessVersion "1.4.8"]

1. d4 {[%clk 1:30:59]} d5 {[%clk 1:30:53]} 2. c4 {[%clk 1:31:24]} e6
{[%clk 1:31:16]} 3. Nc3 {[%clk 1:31:47]} c6 {[%clk 1:31:04]} 4. Nf3
{[%clk 1:31:24]} dxc4 {[%clk 1:31:08]} 5. e4 {[%clk 1:29:29]} b5 {[%clk 1:31:08]}
6. g3 {[%clk 1:28:58]} Bb4 {[%clk 1:29:52]} 7. a3 {[%clk 1:27:34]} Ba5
{[%clk 1:29:16]} 8. Bg2 {[%clk 1:27:18]} Nf6 {[%clk 1:29:04]} 9. Ne5
{[%clk 1:26:55]} Bb7 {[%clk 1:23:38]} 10. O-O {[%clk 1:25:46]} Nbd7
{[%clk 1:22:51]} 11. Bg5 {[%clk 1:20:09]} Nxe5 {[%clk 1:17:21]} 12. dxe5
{[%clk 1:19:48]} Qxd1 {[%clk 1:17:11]} 13. Raxd1 {[%clk 1:19:53]} Nd7
{[%clk 1:16:39]} 14. Rd2 {[%clk 1:17:47]} Nxe5 {[%clk 1:13:29]} 15. Rfd1
{[%clk 1:13:46]} O-O {[%clk 1:09:57]} 16. Be7 {[%clk 1:11:35]} Rfe8
{[%clk 1:08:37]} 17. Bd6 {[%clk 1:11:44]} Ng6 {[%clk 1:05:11]} 18. e5
{[%clk 1:05:18]} a6 {[%clk 0:53:39]} 19. Re2 {[%clk 1:03:45]} Bxc3
{[%clk 0:50:34]} 20. bxc3 {[%clk 1:03:58]} Rad8 {[%clk 0:49:09]} 21. Red2
{[%clk 1:03:33]} Rd7 {[%clk 0:47:00]} 22. Bc5 {[%clk 1:02:17]} Rxd2
{[%clk 0:46:49]} 23. Rxd2 {[%clk 1:02:20]} Nxe5 {[%clk 0:46:46]} 24. Bd4
{[%clk 1:00:56]} Ng6 {[%clk 0:46:28]} 25. Bb6 {[%clk 0:58:53]} h6
{[%clk 0:46:00]} 26. Rd7 {[%clk 0:56:46]} Re7 {[%clk 0:43:46]} 27. Rd8+
{[%clk 0:54:36]} Kh7 {[%clk 0:43:27]} 28. Bc5 {[%clk 0:52:10]} Rc7
{[%clk 0:42:56]} 29. Bd6 {[%clk 0:51:57]} Rc8 {[%clk 0:42:33]} 30. Rxc8
{[%clk 0:51:22]} Bxc8 {[%clk 0:42:58]} 31. Bxc6 {[%clk 0:51:35]} Kg8
{[%clk 0:42:55]} 32. Kf1 {[%clk 0:48:23]} Nf8 {[%clk 0:42:57]} 33. Ke1
{[%clk 0:47:46]} Bd7 {[%clk 0:43:07]} 34. Bb7 {[%clk 0:45:29]} a5
{[%clk 0:42:03]} 35. Kd2 {[%clk 0:44:49]} f6 {[%clk 0:41:11]} 36. Ba6
{[%clk 0:44:32]} e5 {[%clk 0:40:43]} 37. Ke3 {[%clk 0:44:16]} Bc6
{[%clk 0:40:12]} 38. f4 {[%clk 0:43:43]} Nd7 {[%clk 0:39:15]} 39. Bc8
{[%clk 0:40:36]} exf4+ {[%clk 0:37:05]} 40. Bxf4 {[%clk 0:39:57]} Kf7
{[%clk 0:36:43]} 41. Kd4 {[%clk 0:39:48]} g5 {[%clk 0:33:28]} 42. Bc7
{[%clk 0:39:00]} a4 {[%clk 0:33:09]} 43. Ba5 {[%clk 0:38:25]} Kg6
{[%clk 0:31:10]} 44. Ke3 {[%clk 0:35:26]} Kh5 {[%clk 0:28:52]} 45. h3
{[%clk 0:34:04]} f5 {[%clk 0:24:38]} 46. Bc7 {[%clk 0:32:04]} Kg6
{[%clk 0:22:45]} 47. Bd6 {[%clk 0:31:30]} Kf6 {[%clk 0:22:21]} 48. Bc7
{[%clk 0:30:16]} Ke6 {[%clk 0:22:12]} 49. Kd4 {[%clk 0:30:28]} h5
{[%clk 0:20:31]} 50. Ke3 {[%clk 0:28:44]} Kd5 {[%clk 0:19:00]} 51. h4
{[%clk 0:26:44]} g4 {[%clk 0:13:14]} 52. Kf4 {[%clk 0:25:34]} Ke6
{[%clk 0:12:58]} 53. Kg5 {[%clk 0:25:46]} b4 {[%clk 0:29:49]} 54. cxb4
{[%clk 0:55:27]} c3 {[%clk 0:29:51]} 55. Bf4 {[%clk 0:55:41]} Kd5
{[%clk 0:29:39]} 56. Kxh5 {[%clk 0:55:49]} Nf8 {[%clk 0:26:30]} 57. Bxf5
{[%clk 0:55:40]} Kc4 {[%clk 0:25:38]} 58. Bc2 {[%clk 0:54:51]} Ne6
{[%clk 0:24:45]} 59. Kxg4 {[%clk 0:52:44]} Nd4 {[%clk 0:23:56]} 60. Bg6
{[%clk 0:52:09]} c2 {[%clk 0:23:37]} 61. h5 {[%clk 0:51:57]} Bd7+
{[%clk 0:23:15]} 62. Kg5 {[%clk 0:52:01]} Ne6+ {[%clk 0:23:19]} 63. Kf6
{[%clk 0:51:26]} Nxf4 {[%clk 0:22:50]} 64. Bxc2 {[%clk 0:50:16]} Nxh5+
{[%clk 0:23:04]} 65. Ke7 {[%clk 0:50:24]} Bb5 {[%clk 0:22:54]} 66. g4
{[%clk 0:50:41]} Nf4 {[%clk 0:22:38]} 67. g5 {[%clk 0:51:03]} Kc3
{[%clk 0:22:29]} 68. Bh7 {[%clk 0:51:20]} Nd5+ {[%clk 0:20:32]} 69. Kf7
{[%clk 0:51:32]} Nxb4 {[%clk 0:19:37]} 70. g6 {[%clk 0:49:22]} Bc4+
{[%clk 0:19:37]} 71. Kf8 {[%clk 0:49:38]} Bd3 {[%clk 0:18:43]} 72. Kg8
{[%clk 0:49:36]} Bc4+ {[%clk 0:17:25]} 73. Kh8 {[%clk 0:49:49]} Kb3
{[%clk 0:17:19]} 74. g7 {[%clk 0:50:06]} Kxa3 {[%clk 0:17:20]} 75. Bg8
{[%clk 0:50:09]} Bxg8 {[%clk 0:12:34]} 76. Kxg8 {[%clk 0:50:30]} Kb2
{[%clk 0:10:01]} 77. Kf8 {[%clk 0:50:22]} a3 {[%clk 0:10:11]} 78. g8=Q
{[%clk 0:49:50]} a2 {[%clk 0:10:08]} 79. Qg7+ {[%clk 0:49:19]} Kb1
{[%clk 0:10:01]} 80. Qg6+ {[%clk 0:49:34]} Kb2 {[%clk 0:10:12]} 81. Qf6+
{[%clk 0:49:52]} Kb1 {[%clk 0:09:28]} 82. Qf5+ {[%clk 0:50:02]} Kb2
{[%clk 0:09:44]} 83. Qe5+ {[%clk 0:49:47]} Kb3 {[%clk 0:08:15]} 84. Qe3+
{[%clk 0:49:21]} Kb2 {[%clk 0:07:42]} 85. Qd4+ {[%clk 0:48:33]} Kb3
{[%clk 0:07:02]} 86. Kf7 {[%clk 0:46:39]} Nc2 {[%clk 0:06:47]} 87. Qb6+
{[%clk 0:46:59]} Ka3 {[%clk 0:06:50]} 88. Qa5+ {[%clk 0:47:21]} Kb2
{[%clk 0:07:04]} 89. Qe5+ {[%clk 0:47:15]} Kb1 {[%clk 0:06:12]} 90. Qb5+
{[%clk 0:46:58]} Kc1 {[%clk 0:06:22]} 91. Qf1+ {[%clk 0:46:59]} Kb2
{[%clk 0:06:46]} 92. Qf6+ {[%clk 0:47:20]} Kb1 {[%clk 0:07:09]} 93. Qb6+
{[%clk 0:46:41]} Kc1 {[%clk 0:07:34]} 94. Qg1+ {[%clk 0:46:14]} Kb2
{[%clk 0:08:01]} 95. Qg7+ {[%clk 0:46:19]} Kb1 {[%clk 0:08:23]} 96. Qg1+
{[%clk 0:46:26]} Kb2 {[%clk 0:08:49]} 97. Qb6+ {[%clk 0:46:47]} Kc1
{[%clk 0:09:15]} 98. Qh6+ {[%clk 0:47:00]} Kb1 {[%clk 0:09:39]} 99. Qh1+
{[%clk 0:47:14]} Kb2 {[%clk 0:10:04]} 100. Qh8+ {[%clk 0:47:24]} Kb1
{[%clk 0:10:30]} 101. Qb8+ {[%clk 0:47:46]} Kc1 {[%clk 0:10:55]} 102. Qf4+
{[%clk 0:47:41]} Kb2 {[%clk 0:11:18]} 103. Qe5+ {[%clk 0:47:59]} Kb1
{[%clk 0:11:39]} 1/2-1/2

[Event "NDVM 2019 U14w"]
[Site "?"]
[Date "2019.09.14"]
[Round "5.10"]
[White "Daoud, Shahnaz"]
[Black "Kostova, Viktoria"]
[Result "1-0"]
[BlackElo "974"]
[WhiteElo "1127"]
[LiveChessVersion "1.4.8"]

1. d4 {[%clk 1:30:57]} d5 {[%clk 1:30:56]} 2. Nf3 {[%clk 1:31:19]} Nc6
{[%clk 1:31:17]} 3. e3 {[%clk 1:31:32]} a6 {[%clk 1:31:39]} 4. c3
{[%clk 1:31:50]} b5 {[%clk 1:31:23]} 5. a3 {[%clk 1:30:44]} Bf5 {[%clk 1:30:54]}
6. Nbd2 {[%clk 1:28:57]} Nf6 {[%clk 1:30:05]} 7. Ne5 {[%clk 1:28:10]} Nxe5
{[%clk 1:27:17]} 8. dxe5 {[%clk 1:28:29]} Nd7 {[%clk 1:27:20]} 9. f4
{[%clk 1:27:52]} e6 {[%clk 1:26:37]} 10. Nf3 {[%clk 1:26:36]} Nc5
{[%clk 1:25:40]} 11. b4 {[%clk 1:17:42]} Ne4 {[%clk 1:22:59]} 12. Bb2
{[%clk 1:15:57]} Be7 {[%clk 1:22:19]} 13. g3 {[%clk 1:15:33]} c5 {[%clk 1:16:05]}
14. Rc1 {[%clk 1:01:44]} Rc8 {[%clk 1:11:16]} 15. a4 {[%clk 0:56:46]} cxb4
{[%clk 1:08:46]} 16. axb5 {[%clk 0:53:58]} O-O {[%clk 1:07:36]} 17. bxa6
{[%clk 0:53:18]} Qb6 {[%clk 1:07:27]} 18. Qe2 {[%clk 0:47:35]} bxc3
{[%clk 0:59:55]} 19. Ba1 {[%clk 0:46:42]} Ba3 {[%clk 0:54:19]} 20. Rc2
{[%clk 0:46:30]} Rc4 {[%clk 0:52:26]} 21. Bg2 {[%clk 0:38:49]} Qb1+
{[%clk 0:43:14]} 22. Qd1 {[%clk 0:38:21]} Rb8 {[%clk 0:42:11]} 23. Qxb1
{[%clk 0:37:34]} Rxb1+ {[%clk 0:42:15]} 24. Ke2 {[%clk 0:37:54]} Rxh1
{[%clk 0:32:40]} 25. Bxh1 {[%clk 0:37:20]} Ra4 {[%clk 0:32:23]} 26. Ne1
{[%clk 0:33:47]} Bb4 {[%clk 0:24:31]} 27. Bxe4 {[%clk 0:31:44]} Bxe4
{[%clk 0:24:44]} 28. Rc1 {[%clk 0:31:22]} Ra2+ {[%clk 0:24:25]} 29. Kf1
{[%clk 0:30:53]} Rxa6 {[%clk 0:18:45]} 30. Bxc3 {[%clk 0:30:54]} Rc6
{[%clk 0:10:46]} 31. Rb1 {[%clk 0:30:20]} Bxb1 {[%clk 0:11:04]} 32. Bxb4
{[%clk 0:30:33]} Rc1 {[%clk 0:10:46]} 33. h4 {[%clk 0:28:44]} Bd3+
{[%clk 0:08:58]} 34. Kg2 {[%clk 0:28:01]} Rd1 {[%clk 0:08:20]} 35. Kf3
{[%clk 0:17:12]} Be4+ {[%clk 0:08:06]} 36. Ke2 {[%clk 0:17:09]} Rb1
{[%clk 0:08:10]} 37. Bd2 {[%clk 0:17:19]} Rb2 {[%clk 0:08:24]} 38. Kd1
{[%clk 0:17:16]} d4 39. exd4 {[%clk 0:16:38]} Rb3 {[%clk 0:08:18]} 40. g4
{[%clk 0:14:47]} Bf3+ {[%clk 0:08:11]} 41. Kc2 {[%clk 0:14:29]} Ra3
{[%clk 0:08:04]} 42. Kb2 {[%clk 0:14:18]} Ra4 {[%clk 0:07:51]} 43. Nxf3
{[%clk 0:14:36]} g6 {[%clk 0:08:07]} 44. Bc3 {[%clk 0:13:08]} Kf8
{[%clk 0:08:25]} 45. Kb3 {[%clk 0:13:15]} Ra6 {[%clk 0:08:51]} 46. h5
{[%clk 0:12:36]} gxh5 {[%clk 0:08:57]} 47. gxh5 {[%clk 0:13:00]} Ke7
{[%clk 0:09:17]} 48. h6 {[%clk 0:13:02]} Kd7 {[%clk 0:09:38]} 49. Ng5
{[%clk 0:13:20]} Ra8 {[%clk 0:09:57]} 50. Nxf7 {[%clk 0:13:01]} Rb8+
{[%clk 0:10:03]} 51. Bb4 {[%clk 0:13:04]} Kc6 {[%clk 0:10:16]} 52. Ng5
{[%clk 0:13:17]} Kd5 {[%clk 0:10:36]} 53. Kc3 {[%clk 0:13:28]} Rc8+
{[%clk 0:10:51]} 54. Kd3 {[%clk 0:13:26]} Rc4 {[%clk 0:11:12]} 55. Bc3
{[%clk 0:13:34]} Ra4 {[%clk 0:11:20]} 56. Nxh7 {[%clk 0:13:23]} Ra7
{[%clk 0:11:29]} 57. Ng5 {[%clk 0:13:45]} Ra8 {[%clk 0:11:27]} 58. h7
{[%clk 0:14:00]} Rh8 {[%clk 0:11:44]} 59. Nf7 {[%clk 0:13:51]} Rxh7
{[%clk 0:12:08]} 60. Ng5 {[%clk 0:13:59]} Rh1 {[%clk 0:12:23]} 61. Ne4
{[%clk 0:13:17]} Rh4 {[%clk 0:12:34]} 62. Bd2 {[%clk 0:12:49]} Rh3+
{[%clk 0:12:42]} 63. Be3 {[%clk 0:13:08]} Rh1 {[%clk 0:13:02]} 64. Nf2
{[%clk 0:13:01]} Rh4 {[%clk 0:13:16]} 65. Ne4 {[%clk 0:12:03]} Rh1
{[%clk 0:13:37]} 66. Nf6+ {[%clk 0:12:18]} Kc6 {[%clk 0:13:55]} 67. Ke4
{[%clk 0:12:40]} Re1 {[%clk 0:14:03]} 68. d5+ {[%clk 0:12:11]} exd5+
{[%clk 0:14:18]} 69. Nxd5 {[%clk 0:12:31]} Rd1 {[%clk 0:14:40]} 70. Bd4
{[%clk 0:12:41]} Re1+ {[%clk 0:15:00]} 71. Ne3 {[%clk 0:12:55]} Rh1
{[%clk 0:14:55]} 72. e6 {[%clk 0:13:03]} Kd6 {[%clk 0:15:15]} 73. f5
{[%clk 0:13:22]} Rh4+ {[%clk 0:15:32]} 74. Kd3 {[%clk 0:12:55]} Rf4
{[%clk 0:15:52]} 75. Be5+ {[%clk 0:07:47]} Kxe5 {[%clk 0:15:53]} 76. e7
{[%clk 0:08:08]} Rd4+ {[%clk 0:16:02]} 77. Ke2 {[%clk 0:08:19]} Kf4
{[%clk 0:15:02]} 78. e8=Q {[%clk 0:08:30]} Re4 {[%clk 0:15:16]} 79. Qb8+
{[%clk 0:08:44]} Re5 {[%clk 0:15:34]} 80. f6 {[%clk 0:08:54]} Ke4
{[%clk 0:15:54]} 81. f7 {[%clk 0:08:48]} Rf5 {[%clk 0:15:50]} 82. f8=Q
{[%clk 0:08:54]} Rc5 {[%clk 0:13:33]} 83. Qbf4# {[%clk 0:09:02]} 1-0

[Event "NDVM 2019 U14w"]
[Site "?"]
[Date "2019.09.14"]
[Round "5.11"]
[White "Wennin, Elisabeth"]
[Black "Thiele, Lea-Marie"]
[Result "1-0"]
[BlackElo "1066"]
[WhiteElo "889"]
[LiveChessVersion "1.4.8"]

1. e4 {[%clk 1:30:59]} e6 {[%clk 1:30:51]} 2. Nf3 {[%clk 1:31:23]} d5
{[%clk 1:31:15]} 3. exd5 {[%clk 1:31:36]} exd5 {[%clk 1:31:30]} 4. d4
{[%clk 1:31:41]} c5 {[%clk 1:30:45]} 5. c3 {[%clk 1:31:58]} Nc6 {[%clk 1:30:57]}
6. Bd3 {[%clk 1:32:03]} Qb6 {[%clk 1:31:04]} 7. Be3 {[%clk 1:31:14]} cxd4
{[%clk 1:31:09]} 8. cxd4 {[%clk 1:31:26]} Qxb2 {[%clk 1:31:26]} 9. Nbd2
{[%clk 1:31:05]} Bb4 {[%clk 1:31:04]} 10. O-O {[%clk 1:30:52]} Bxd2
{[%clk 1:31:26]} 11. Bxd2 {[%clk 1:30:46]} Nxd4 {[%clk 1:31:46]} 12. Nxd4
{[%clk 1:30:43]} Qxd4 {[%clk 1:32:05]} 13. Be3 {[%clk 1:30:28]} Qg4
{[%clk 1:32:10]} 14. Bb5+ {[%clk 1:29:38]} Kd8 {[%clk 1:31:55]} 15. Qxd5+
{[%clk 1:29:18]} Bd7 {[%clk 1:31:59]} 16. h3 {[%clk 1:28:49]} Qe6
{[%clk 1:31:32]} 17. Qd3 {[%clk 1:27:45]} Nf6 {[%clk 1:30:01]} 18. Bc4
{[%clk 1:27:21]} Qe4 {[%clk 1:29:06]} 19. Qxe4 {[%clk 1:26:48]} Nxe4
{[%clk 1:29:28]} 20. Rad1 {[%clk 1:26:56]} Ke8 {[%clk 1:29:27]} 21. Bf4
{[%clk 1:26:02]} Ba4 {[%clk 1:28:31]} 22. Rde1 {[%clk 1:25:48]} f5
{[%clk 1:28:28]} 23. Bd3 {[%clk 1:25:44]} Bc6 {[%clk 1:28:23]} 24. f3
{[%clk 1:25:23]} Kf7 {[%clk 1:28:42]} 25. fxe4 {[%clk 1:25:30]} fxe4
{[%clk 1:29:08]} 26. Bxe4 {[%clk 1:25:09]} Bxe4 {[%clk 1:29:32]} 27. Rxe4
{[%clk 1:25:27]} Rhf8 {[%clk 1:29:44]} 28. Bd6+ Kg8 29. Bxf8 {[%clk 1:25:33]}
Rxf8 {[%clk 1:30:08]} 30. Rxf8+ {[%clk 1:25:54]} Kxf8 {[%clk 1:30:35]} 31. Rf4+
{[%clk 1:25:59]} Ke7 {[%clk 1:30:57]} 32. Kf2 {[%clk 1:26:17]} g5
{[%clk 1:31:17]} 33. Re4+ {[%clk 1:26:35]} Kd6 {[%clk 1:31:34]} 34. Re8
{[%clk 1:26:19]} a5 {[%clk 1:31:41]} 35. Rc8 {[%clk 1:26:21]} b5 {[%clk 1:32:06]}
36. Ke2 {[%clk 1:25:16]} b4 {[%clk 1:32:23]} 37. Kd2 {[%clk 1:25:42]} h5
{[%clk 1:32:37]} 38. Kd3 {[%clk 1:25:45]} g4 {[%clk 1:32:29]} 39. hxg4
{[%clk 1:26:11]} hxg4 {[%clk 1:32:53]} 40. Kc4 {[%clk 1:25:29]} Ke5
{[%clk 1:32:12]} 41. Kb5 {[%clk 1:25:45]} Kf4 {[%clk 1:32:35]} 42. Rc2
{[%clk 1:25:15]} Ke3 {[%clk 1:32:55]} 43. Kxa5 {[%clk 1:25:39]} Kd3
{[%clk 1:33:22]} 44. Rb2 {[%clk 1:25:40]} g3 {[%clk 1:33:39]} 45. Rb3+
{[%clk 1:25:47]} Kc2 {[%clk 1:33:58]} 46. Rxb4 {[%clk 1:26:06]} Kc3
{[%clk 1:34:05]} 47. Rg4 {[%clk 1:26:06]} Kb2 {[%clk 1:34:27]} 48. Rxg3
{[%clk 1:26:12]} Kxa2 {[%clk 1:34:54]} 49. Rf3 {[%clk 1:26:10]} Kb2
{[%clk 1:35:18]} 50. Kb4 {[%clk 1:26:32]} Kc2 {[%clk 1:35:43]} 51. g4
{[%clk 1:26:35]} Kd2 {[%clk 1:36:05]} 52. Kc4 {[%clk 1:27:03]} Ke2
{[%clk 1:36:32]} 53. Ra3 {[%clk 1:27:22]} Kf2 {[%clk 1:36:57]} 54. g5
{[%clk 1:27:37]} Kg2 {[%clk 1:37:26]} 55. Kd4 {[%clk 1:25:54]} Kh2
{[%clk 1:37:41]} 56. Ke4 {[%clk 1:26:15]} Kg2 {[%clk 1:38:00]} 57. Kf4
{[%clk 1:26:29]} Kh2 {[%clk 1:38:26]} 58. Kg4 {[%clk 1:26:46]} Kg1
{[%clk 1:38:45]} 59. Ra2 {[%clk 1:27:04]} Kf1 {[%clk 1:39:08]} 60. Kf3
{[%clk 1:27:27]} Ke1 {[%clk 1:39:29]} 61. Ke3 {[%clk 1:27:33]} Kd1
{[%clk 1:39:25]} 62. Kd3 {[%clk 1:27:47]} Ke1 63. g6 Kf1 {[%clk 1:39:30]} 64. Ke3
{[%clk 1:27:56]} Kg1 {[%clk 1:39:56]} 65. Kf3 {[%clk 1:28:12]} Kh1
{[%clk 1:40:18]} 66. Kg3 {[%clk 1:28:21]} Kg1 {[%clk 1:40:44]} 67. Ra1#
{[%clk 1:28:43]} 1-0

[Event "NDVM 2019 U14w"]
[Site "?"]
[Date "2019.09.14"]
[Round "5.12"]
[White "Stelter, Finja"]
[Black "Pham, Minh Trang Nguyen"]
[Result "1-0"]
[BlackElo "920"]
[WhiteElo "929"]
[LiveChessVersion "1.4.8"]

1. e4 {[%clk 1:30:59]} e5 {[%clk 1:30:53]} 2. Nf3 {[%clk 1:31:25]} Nc6
{[%clk 1:31:15]} 3. Bc4 {[%clk 1:31:48]} Bc5 {[%clk 1:31:38]} 4. d3
{[%clk 1:32:07]} Nf6 {[%clk 1:31:55]} 5. Nc3 {[%clk 1:32:26]} d6 {[%clk 1:32:21]}
6. h3 {[%clk 1:32:34]} h6 {[%clk 1:31:37]} 7. Be3 {[%clk 1:32:10]} Bb6
{[%clk 1:31:48]} 8. Qd2 {[%clk 1:32:17]} O-O {[%clk 1:31:58]} 9. g4
{[%clk 1:32:36]} Be6 {[%clk 1:30:35]} 10. Bb3 {[%clk 1:31:41]} Bxb3
{[%clk 1:29:45]} 11. axb3 {[%clk 1:31:45]} a5 {[%clk 1:29:05]} 12. g5
{[%clk 1:31:43]} hxg5 {[%clk 1:28:11]} 13. Bxg5 {[%clk 1:31:48]} Qe7
{[%clk 1:23:35]} 14. Nd5 {[%clk 1:31:09]} Qe6 {[%clk 1:17:58]} 15. Nxf6+
{[%clk 1:31:03]} gxf6 {[%clk 1:17:50]} 16. Bh6 {[%clk 1:31:15]} f5
{[%clk 1:15:31]} 17. Qg5+ {[%clk 1:30:44]} Qg6 {[%clk 1:13:40]} 18. Bxf8
{[%clk 1:30:04]} Qxg5 {[%clk 1:11:40]} 19. Nxg5 {[%clk 1:30:18]} Kxf8
{[%clk 1:10:55]} 20. c3 {[%clk 1:29:06]} f6 {[%clk 1:08:53]} 21. Nh7+
{[%clk 1:28:49]} Kg7 {[%clk 1:08:40]} 22. Rg1+ {[%clk 1:29:00]} Kxh7
{[%clk 1:08:58]} 23. b4 {[%clk 1:29:06]} Rg8 {[%clk 1:08:57]} 24. Rxg8
{[%clk 1:29:01]} Kxg8 {[%clk 1:09:03]} 25. b5 {[%clk 1:29:03]} Na7
{[%clk 1:09:23]} 26. c4 {[%clk 1:28:59]} d5 {[%clk 1:09:31]} 27. exf5
{[%clk 1:29:05]} Bd4 {[%clk 1:09:21]} 28. Rxa5 {[%clk 1:28:40]} Bb6
{[%clk 1:09:36]} 29. Ra1 {[%clk 1:28:29]} c6 {[%clk 1:09:37]} 30. bxc6
{[%clk 1:27:42]} bxc6 {[%clk 1:09:41]} 31. Ke2 {[%clk 1:27:36]} dxc4
{[%clk 1:07:22]} 32. dxc4 {[%clk 1:27:43]} c5 {[%clk 1:07:17]} 33. Ra6
{[%clk 1:27:26]} Nc6 {[%clk 1:04:23]} 34. Rxb6 {[%clk 1:26:55]} Nd4+
{[%clk 1:04:39]} 35. Ke3 {[%clk 1:26:46]} Nxf5+ {[%clk 1:04:20]} 36. Ke4
{[%clk 1:26:57]} Ne7 {[%clk 1:03:54]} 37. Rxf6 {[%clk 1:26:58]} Kg7
{[%clk 1:04:00]} 38. Ra6 {[%clk 1:26:55]} Kf7 {[%clk 1:03:25]} 39. Kxe5
{[%clk 1:25:44]} Ke8 {[%clk 1:03:21]} 40. h4 {[%clk 1:25:45]} Kf8
{[%clk 1:03:29]} 41. h5 {[%clk 1:25:44]} Kg8 {[%clk 1:03:25]} 42. Kd6
{[%clk 1:24:03]} Nc8+ {[%clk 1:03:26]} 43. Kxc5 {[%clk 1:24:09]} Ne7
{[%clk 1:02:05]} 44. b4 {[%clk 1:24:13]} Nf5 {[%clk 1:02:00]} 45. b5
{[%clk 1:23:29]} Ng7 {[%clk 1:02:07]} 46. b6 {[%clk 1:23:41]} Nxh5
{[%clk 1:02:15]} 47. b7 {[%clk 1:24:05]} Kf7 {[%clk 1:02:12]} 48. b8=Q
{[%clk 1:24:18]} Nf6 {[%clk 1:02:22]} 49. Rxf6+ {[%clk 1:24:24]} Kxf6
{[%clk 1:02:36]} 50. Kd5 {[%clk 1:24:41]} Ke7 {[%clk 1:02:56]} 51. Qd6+
{[%clk 1:24:57]} Kf7 {[%clk 1:03:00]} 52. c5 {[%clk 1:25:19]} Ke8
{[%clk 1:02:57]} 53. c6 {[%clk 1:25:43]} Kf7 {[%clk 1:03:00]} 54. c7
{[%clk 1:26:05]} Ke8 {[%clk 1:02:59]} 55. c8=Q+ {[%clk 1:26:28]} Kf7 56. Qcc7+
Ke8 {[%clk 1:02:21]} 57. Qde7# {[%clk 1:26:44]} 1-0

[Event "TuS Makkabi Rostock-Schachpinguine Berli"]
[Site "Kiel"]
[Date "2019.09.14"]
[Round "5.1"]
[White "Pikki, Daria"]
[Black "Koepnick, Amanda"]
[Result "1-0"]
[WhiteElo "1210"]
[BlackElo "1019"]
[Annotator "Rnd./Pair./Board: 05.004.01"]
[PlyCount "78"]
[EventDate "2019.??.??"]
[WhiteTeam "Schachpinguine Berlin"]
[BlackTeam "TuS Makkabi Rostock"]

1. e4 e5 2. Nf3 Nc6 3. Bb5 Nf6 4. d3 a6 5. Bxc6 dxc6 6. Nxe5 Qd6 7. Nf3 Bg4 8.
h3 Bxf3 9. Qxf3 Be7 10. O-O O-O 11. Bf4 Qd4 12. c3 Qb6 13. Qe2 Bd6 14. Be3 Qb5
15. Qc2 Qe5 16. f4 Qh5 17. Qf2 Nd7 18. Nd2 Be7 19. Nf3 h6 20. Qg3 Bd6 21. Nh4
Qb5 22. Nf5 g6 23. Nxd6 cxd6 24. f5 Ne5 25. Bxh6 Qxd3 26. Qxd3 Nxd3 27. Bxf8
Rxf8 28. fxg6 Ne5 29. gxf7+ Nxf7 30. Rf4 Re8 31. Raf1 Re7 32. R1f3 b5 33. Rg3+
Kf8 34. Rg6 Ke8 35. Rg8+ Kd7 36. Ra8 Ke6 37. Rxa6 Ke5 38. Rf2 c5 {Laut
Notation wurde c4 gespielt. Da dies nicht möglich ist, geht die Partie ab
hier nur mit einem Nullzug von weiß auf.} 39. Ra5 (39. Z0 c4 40. Ra5 Ng5 41.
Rxb5+ Kxe4 42. Re2+ Kd3 43. Rxe7 Kc2 44. Rxg5 Kxb2 45. Rb5+ Kxc3 46. a4 Kd3 47.
a5 c3 48. Rc7 Kd4 49. a6 d5 50. a7 c2 51. a8=Q c1=Q+ 52. Rxc1 Ke3 53. Rxd5 Ke4
54. Rd7+ Ke3 55. Re1+ Kf4 56. Rf7+ Kg5 57. Qg8+ Kh6 58. Rh7#) 39... Ng5 1-0

[Event "TuS Makkabi Rostock-Schachpinguine Berli"]
[Site "Kiel"]
[Date "2019.09.14"]
[Round "5.2"]
[White "Janssen, Julika"]
[Black "Schmidt, Luise"]
[Result "0-1"]
[WhiteElo "794"]
[BlackElo "1219"]
[Annotator "Rnd./Pair./Board: 05.004.02"]
[PlyCount "74"]
[EventDate "2019.??.??"]
[WhiteTeam "TuS Makkabi Rostock"]
[BlackTeam "Schachpinguine Berlin"]

1. e4 d5 2. exd5 Qxd5 3. Nc3 Qa5 4. Bc4 Nf6 5. Nf3 Bf5 6. d4 c6 7. Bf4 e6 8.
O-O Nbd7 9. Re1 Be7 10. Ne5 O-O 11. Qf3 Bxc2 12. Qg3 g6 13. Bh6 Rfd8 14. Re3
Bd6 15. Bf4 c5 16. d5 exd5 17. Nxd5 Nxd5 18. Bxd5 Nxe5 19. Bxe5 Qc7 20. Rae1
Rab8 21. Qf4 Bf5 22. Qh6 Bxe5 23. Rxe5 Qd6 24. Bf3 Qd2 25. h3 Qxh6 26. Bd5 Qd2
27. Bb3 b6 28. Re7 Rf8 29. R1e2 Qa5 30. Rc7 g5 31. Re5 Bg6 32. Rxg5 Qe1+ 33.
Kh2 Qd2 34. h4 Qd6+ 35. Kg1 Qxc7 36. h5 Rbe8 37. hxg6 Re1# 0-1

[Event "TuS Makkabi Rostock-Schachpinguine Berli"]
[Site "Kiel"]
[Date "2019.09.14"]
[Round "5.3"]
[White "Bauer, Sophia"]
[Black "Pommerehnke, Marla"]
[Result "1-0"]
[WhiteElo "980"]
[BlackElo "906"]
[Annotator "Rnd./Pair./Board: 05.004.03"]
[PlyCount "59"]
[EventDate "2019.??.??"]
[WhiteTeam "Schachpinguine Berlin"]
[BlackTeam "TuS Makkabi Rostock"]

1. e4 e5 2. Nf3 Nc6 3. d4 exd4 4. Nxd4 Nf6 5. Nc3 Bb4 6. Nxc6 bxc6 7. Qf3 h6 8.
Bd3 Qe7 9. O-O Bxc3 10. bxc3 O-O 11. Qf4 d6 12. Rb1 d5 13. Re1 Re8 14. e5 Nh5
15. Qe3 c5 16. c4 d4 17. Qe4 Bd7 18. Ba3 g6 19. Qd5 Qg5 20. Qxd7 Nf4 21. g3
Nh3+ 22. Kh1 Nxf2+ 23. Kg2 Qd2 24. Re2 Qc3 25. Rxf2 Qxa3 26. Qxf7+ Kh8 27. Qf6+
Kh7 28. Bxg6+ Kg8 29. Qf7+ Kh8 30. Qh7# 1-0

[Event "TuS Makkabi Rostock-Schachpinguine Berli"]
[Site "Kiel"]
[Date "2019.09.14"]
[Round "5.4"]
[White "Urban, Mila"]
[Black "Belkina, Elisabeth"]
[Result "0-1"]
[WhiteElo "787"]
[BlackElo "1046"]
[Annotator "Rnd./Pair./Board: 05.004.04"]
[PlyCount "96"]
[EventDate "2019.??.??"]
[WhiteTeam "TuS Makkabi Rostock"]
[BlackTeam "Schachpinguine Berlin"]

1. e4 c6 2. Nf3 d5 3. Nc3 Bg4 4. h3 Bh5 5. Be2 Nf6 6. d3 e6 7. a3 Be7 8. Nh4
Bxe2 9. Qxe2 Nfd7 10. Nf3 O-O 11. Bf4 Nf6 12. O-O-O c5 13. d4 Nc6 14. Be3 dxe4
15. Nh2 cxd4 16. Bf4 Nd5 17. Nxe4 Nxf4 18. Qe1 Nxg2 19. Qg1 Nf4 20. Re1 Nxh3
21. Qg2 Nf4 22. Qg4 e5 23. Rhg1 g6 24. Qf3 f5 25. Ng3 Bg5 26. Qb3+ Kh8 27. Qxb7
Rc8 28. Nf3 Nh3+ 29. Kb1 Nxg1 30. Rxg1 Bf4 31. Rh1 Rc7 32. Qb3 Bxg3 33. fxg3 e4
34. Ne1 g5 35. Qe6 Re8 36. Qg6 f4 37. gxf4 gxf4 38. Qh5 d3 39. Rh2 d2 40. Rh1
d1=Q+ 41. Qxd1 Qxd1+ 42. Ka2 e3 43. c3 f3 44. Rf1 f2 45. Rh1 fxe1=Q 46. Rh3
Qd5+ 47. b3 Qxc3 48. Rh2 Qdxb3# 0-1

[Event "SC Papenburg-Elmshorner SC"]
[Site "Kiel"]
[Date "2019.09.14"]
[Round "5.1"]
[White "Margaryan, Susanna"]
[Black "Roncea, Andreea-Alexandra"]
[Result "0-1"]
[WhiteElo "1231"]
[BlackElo "1677"]
[Annotator "Rnd./Pair./Board: 05.005.01"]
[PlyCount "62"]
[EventDate "2019.??.??"]
[WhiteTeam "Elmshorner SC"]
[BlackTeam "SC Papenburg"]

1. e4 e5 2. Nf3 Nc6 3. Bb5 a6 4. Bxc6 dxc6 5. d3 f6 6. Nc3 Be6 7. O-O c5 8. h3
Qd7 9. Be3 O-O-O 10. Ne2 g5 11. Nh2 h5 12. Qd2 Bd6 13. c3 Ne7 14. d4 exd4 15.
cxd4 Ng6 16. d5 Bxh3 17. gxh3 Qxh3 18. f4 Nh4 19. Nc3 gxf4 20. Bxf4 Rhg8+ 21.
Kh1 Rg2 22. Rf2 Rxf2 23. Qxf2 Bxf4 24. Ne2 Bxh2 25. Qxh2 Qf3+ 26. Kg1 Rg8+ 27.
Ng3 Rxg3+ 28. Qxg3 Qxg3+ 29. Kf1 Qg2+ 30. Ke1 Nf3+ 31. Kd1 Qd2# 0-1